Star Trek Generations quiz - Statistics

General Stats
  • This quiz has been taken 29 times
  • The average score is 10 of 18
Answer Stats
Hint Answer % Correct
In addition to Captain Kirk, which other two members of the original Enterprise crew attend the Enterprise-B's maiden voyage? Montgomery Scott
100%
Which daughter of an original Enterprise crew member is at the helm of the Enterprise-B? Demora Sulu
84%
What does Data gain in this film? emotions
84%
Pavel Chekov
84%
Which Enterprise-D crew member receives a promotion in this film? Worf
84%
Who does Data push into the water in an attempt to be humorous? Beverly Crusher
74%
Which Enterprise crew member is captured by the Duras sisters? Geordi La Forge
74%
Which future Enterprise-D crew member is among those rescued from those ships? Guinan
74%
What is the name of the extra-dimensional realm in which Captain Kirk is trapped? Nexus
58%
What year did the movie come out? 1994
53%
Who kills Captain Kirk? Dr. Tolian Soran
37%
What crucial information do the Duras sisters obtain that allows them to inflict crippling damage to the Enterprise-D? the Enterprise's shield frequency
32%
Who is the captain of the USS Enterprise-B? John Harriman
26%
Which future Star Trek: Voyager cast member portrays an Enterprise-B crew member? Tim Russ
26%
The Enterprise-B, despite not being fully equipped, is sent out to help ships belonging to which species? El-Aurians
21%
On what planet does this final confrontation take place? Veridian III
21%
Who directed the film? David Carson
16%
Which synthetic compound was used to destroy the star in the Amargosa system? trilithium
11%
No matching quizzes found
Score Distribution
Percent of People with Each Score
Percentile by Number Answered
Your Score History
You have not taken this quiz